000 01057nam a22003257a 4500
003 CHAP
005 20220329134415.0
008 971013s1976 r 00010 d
010 _a20072
011 _a21044
035 _a25133
040 _cCHAP
090 _aTesis
100 0 0 _aApaez Uriza, Salvador.
_96198
245 _aCría artificial de terneros con diferentes tomas de leche
260 _aMéxico, D.F., :
_bEl autor,
_c1976
300 _a22 h
502 _aTesis (Médico Veterinario Zootecnista) -- UNAM. Fac. de Medicina Veterinaria y Zootecnia
590 _aALEPH
_b10
_c20130110
_lUCH01
_h1243
590 _aBATCH-UPD
_b10
_c20130110
_lUCH01
_h0144
590 _aBATCH-UPD
_b10
_c20130110
_lUCH01
_h1806
590 _aBATCH-UPD
_b10
_c20130409
_lUCH01
_h2143
590 _aBATCH-UPD
_b10
_c20130914
_lUCH01
_h0551
590 _aCONVERSION
_b10
_c20130109
_lUCH01
_h1312
650 1 4 _aBecerros
_xNutrición.
_911184
650 1 4 _aLeche
_xNormas de calidad.
_965396
901 _aBK
942 _cTESIS
949 _bBC
_cTES
_d-57983
_eTS1
_i25133
_si
999 _c20072
_d20072